书目信息 |
| 题名: |
物相变化和热机
|
|
| 作者: | ;中国物理学会上海分会中学物理教学研究委员会 编 | |
| 分册: | ||
| 出版信息: | 上海 上海教育出版社 1958 |
|
| 页数: | 105页 | |
| 开本: | 19cm | |
| 丛书名: | ||
| 单 册: | ||
| 中图分类: | TQ026 , G634.7 | |
| 科图分类: | ||
| 主题词: | 教育--各级 , 物理--中学--教学参考资料 | |
| 电子资源: | ||
| ISBN: | ||
| 000 | 00902nam0 2200253 45 | |
| 001 | 0181008729 | |
| 005 | 20060819091315.71 | |
| 010 | @dCNY0.32 | |
| 091 | @a7150.20 | |
| 100 | @a19950428d1958 em y0chiy0121 ea | |
| 101 | 0 | @achi |
| 102 | @aCN@b310000 | |
| 105 | @ay z 000yy | |
| 200 | 10 | @a物相变化和热机@Awu xiang bian hua he re ji@f中国物理学会上海分会中学物理教学研究委员会编@Fzhong guo wu li xue hui shang hai fen hui zhong xue wu li jiao xue yan jiu wei yuan hui bian |
| 210 | @a上海@c上海教育出版社@d1958 | |
| 215 | @a105页@d19cm | |
| 606 | 0 | @a教育@x各级 |
| 606 | @a物理@x中学@x教学参考资料 | |
| 690 | @aTQ026@v4 | |
| 690 | @aG634.7@v3 | |
| 711 | 02 | @a中国物理学会上海分会中学物理教学研究委员会@Azhong guo wu li xue hui shang hai fen hui zhong xue wu li jiao xue yan jiu wei yuan hui@4编 |
| 801 | 2 | @aCN@bNLC@c20060819 |
| 801 | 0 | @aCN@bTSSF@c20060819 |
| 905 | @a10447@dG634.7@e327 | |
| 物相变化和热机/中国物理学会上海分会中学物理教学研究委员会编.-上海:上海教育出版社,1958 |
| 105页;19cm |
| ISBN :CNY0.32 |
| ● |
| 相关链接 |
|
|
|
|
正题名:物相变化和热机
索取号:G634.7/327
 
预约/预借
| 序号 | 登录号 | 条形码 | 馆藏地/架位号 | 状态 | 备注 |
| 1 | 0017866 | 202348067 | 密集书库/ [索取号:G634.7/327] | 在馆 | |
| 2 | 0465160 | 204651607 | 密集书库/ [索取号:G634.7/327] | 在馆 | |
| 3 | 0469405 | 204694054 | 第一样本阅览室/ [索取号:G634.7/327] | 在馆 |